01484 a2200181 4500003000500000005001700005010001600022020002800038040000900066082001400075245009900089260009200188300007900280505084500359650006101204651001701265700002001282Nust20220722095255.0 a 95046468 a0070394008 (alk. paper) cNust00a005.1,LYU00aHandbook of software reliability engineering (Include CD) /cMichael R. Lyu, editor in chief. aLos Alamitos, Calif. :bIEEE Computer Society Press ;aNew York :bMcGraw Hill,cc1996. axxv, 850 p. :bill. ;c24 cm. +e1 computer laser optical disc (4 3/4 in.) aPart.1 Technical Foundations (Page-1), Introduction (Page-3), Software Reliability and System Reliability (Page-27), Software Reliability Modeling Survey (Page-71), Techniques for Prediction Analysis and Recalibration (Page-119), Profiles (Page-167), Best Current Practices of SRE (Page-219), Software Reliability Measurement Experience (Page-256), Measurement-based analysis of software reliability (Page-303), Orthogonal Defect Classification (Page-359),Trend Analysis (Page-401), Field Data Analysis (Page-439), Software Metrics for Reliability Assessment (Page-493), Software Testing and Reliability (Page-531), Fault-Tolerant Software Reliability Engineering (Page-567), Software System Analysis Using Fault Trees (Page-615), Software Reliability Simulation (Page-661), Neural Networks for Software Reliability Engineering (Page-699). 0aComputer softwarexReliabilityxHandbooks, manuals, etc. a(Include CD)1 aLyu, Michael R.